Perspektivy Evropské unie konzervativně-liberální pohledy na aktuální otázky evropské politiky

Saved in:
Bibliographic Details
Other Authors: Balík, Ladislav, Fiala, Petr, Mikš, František
Format: Book
Language:Czech
Published: Brno Centrum pro studium demokracie a kultury 2004
Subjects:
Tags: Add Tag
No Tags, Be the first to tag this record!

MARC

LEADER 00000nam$a2200000$$$4500
001 0044518
005 20240104134410.0
020 |a 80-7325-031-4 
041 0 |a cze 
044 |a CZ 
245 1 0 |a Perspektivy Evropské unie  |b konzervativně-liberální pohledy na aktuální otázky evropské politiky  |c Ladislav Balík, Petr Fiala, František Mikš (eds.) 
264 1 |a Brno  |b Centrum pro studium demokracie a kultury  |c 2004 
300 |a 217 s. 
610 2 0 |a Európska únia 
610 2 0 |a politika 
610 2 0 |a referendum 
610 2 0 |a vývoj politický 
610 2 0 |a Európska menová únia 
610 2 0 |a integrácia menová 
610 2 0 |a euro 
610 2 0 |a vývoj hospodársky 
700 1 |a Balík, Ladislav 
700 1 |a Fiala, Petr 
700 1 |a Mikš, František